[Event "Novgorod op"]
[Site "Novgorod"]
[Date "1999.03.26"]
[Round "8"]
[White "Driamin, Dmitrij"]
[Black "Gavrilov, Andrei"]
[Result "1-0"]
[WhiteElo "2267"]
[BlackElo "2251"]

1.c4 g6 2.Nc3 Nf6 3.e4 d6 4.d4 Bg7 5.Nf3 O-O 6.Be2 e5 7.Be3 Ng4 8.Bg5 f6
9.Bh4 Nc6 10.d5 Ne7 11.Nd2 Nh6 12.b4 f5 13.f3 Nf7 14.c5 g5 15.Bf2 Ng6 16.g3 h5
17.Rc1 g4 18.exf5 Bxf5 19.fxg4 hxg4 20.Bxg4 Qd7 21.Bxf5 Qxf5 22.O-O Qh3 23.Nce4 Nh6
24.Ng5 Qf5 25.Be3 Qd3 26.Qb3 Qe2 27.Ndf3 e4 28.Rce1 Qb5 29.Nxe4 Rae8 30.Neg5 Ng4
31.a4 Qd7 32.Ne6 Rf7 33.Nxg7 Rxg7 34.Bd4 Rge7 35.c6 Qf5 36.Rxe7 Nxe7 37.cxb7 Rb8
38.h3 Nh6 39.Qe3 Qxh3 40.Qg5+  1-0

[Event "Novgorod op"]
[Site "Novgorod"]
[Date "1999.03.26"]
[Round "8"]
[White "Ovod, Evgenija"]
[Black "Malinin, Yuri"]
[Result "0-1"]
[WhiteElo "2290"]
[BlackElo "2324"]

1.d4 Nf6 2.c4 g6 3.Nc3 Bg7 4.e4 d6 5.Nf3 O-O 6.Be2 e5 7.O-O exd4 8.Nxd4 Re8
9.f3 c6 10.Nc2 Na6 11.Bf4 Nh5 12.Bxd6 Qb6+ 13.Kh1 Qxb2 14.Be5 Rxe5 15.Na4 Ng3+
16.Kg1 Nxe2+ 17.Qxe2 Qxa1 18.Nxa1 Ra5 19.Qd2 Rxa4 20.Qd8+ Bf8 21.Nb3 Rxa2
22.e5 Rb8 23.Qg5 Be6 24.Nd2 h6 25.Qf4 g5 26.Qg3 Rxd2 27.f4 Bxc4 28.fxg5 Bxf1
29.gxh6+ Kh8 30.Kxf1 Bxh6 31.Qh3 Kg7 32.Qf5 Kg8 33.g4 Rd5 34.h4 Re8 35.g5 Rdxe5
36.Qg4 Bg7 37.h5 R8e6 38.h6 Bf8 39.Qf4 Re1+ 40.Kg2 R6e2+ 41.Kh3 Rh1+ 42.Kg4 Nc5
43.Qf3 Ree1  0-1

[Event "Bled op"]
[Site "Bled"]
[Date "1999.03.27"]
[Round "8"]
[White "Hanko, Pavel"]
[Black "Ankerst, Mihael"]
[Result "0-1"]
[WhiteElo "2212"]
[BlackElo "2316"]

1.d4 Nf6 2.Nf3 g6 3.c4 Bg7 4.Nc3 O-O 5.e4 d6 6.Be2 Na6 7.O-O e5 8.Re1 c6
9.Bf1 Bg4 10.Be3 exd4 11.Bxd4 Re8 12.h3 Bc8 13.Qc2 c5 14.Be3 Nb4 15.Qd2 Qb6
16.Rad1 Nc6 17.Qxd6 Qxb2 18.Na4 Nxe4 19.Nxb2 Nxd6 20.Na4 Ne4 21.Bxc5 Bf5
22.g4 Nxc5 23.Nxc5 Bc2 24.Rd2 b6 25.Na6 Ba4 26.Nc7 Rxe1 27.Nxe1 Rc8 28.Nd5 Kf8
29.Nf3 Na5 30.Ng5 Nxc4 31.Nxh7+ Kg8 32.Nhf6+ Bxf6 33.Nxf6+ Kg7 34.Rd4 Kxf6
35.Bxc4 Ke5  0-1

[Event "BL9899 (Women)"]
[Site "Germany"]
[Date "1999.03.27"]
[Round "10.1"]
[White "Ioseliani, Nana"]
[Black "Dworakowska, Joanna"]
[Result "1-0"]
[WhiteElo "2495"]
[BlackElo "2390"]

1.Nf3 Nf6 2.d4 g6 3.c4 Bg7 4.Nc3 O-O 5.e4 d6 6.Be2 e5 7.O-O Na6 8.Be3 Ng4
9.Bg5 Qe8 10.dxe5 dxe5 11.h3 h6 12.Bd2 Nf6 13.Be3 Qe7 14.Qc1 Kh7 15.c5 Nb4
16.Rd1 Nc6 17.Qc2 Bd7 18.Nd5 Nxd5 19.exd5 Bf5 20.Qc4 Nd8 21.c6 b6 22.a4 f6
23.g4 Bc8 24.a5 b5 25.Qc2 f5 26.Bc5 Qf6 27.Bxf8 Bxf8 28.gxf5 Bxf5 29.Qc3 Bd6
30.Nh2 b4 31.Qe3 Nf7 32.Ng4 Qe7 33.Bd3 h5 34.Bxf5 gxf5 35.Nh2 e4 36.Kh1 f4
37.Qd4 Ng5 38.f3 Rg8 39.Re1 Nxh3 40.Rxe4 Qg5 41.Re2 a6 42.Qd1 Rg6 43.Qf1 Qf5
44.Rg2 Bc5 45.Rxg6 Kxg6 46.Qg2+ Kf7 47.Rf1 Ke7 48.Qe2+ Kd6 49.Qe6+ Qxe6 50.dxe6 Kxc6
51.Rc1 Nf2+ 52.Kg2 Nd3 53.e7 Kd7 54.Rd1  1-0

[Event "BL9899 (Women)"]
[Site "Germany"]
[Date "1999.03.27"]
[Round "10.4"]
[White "Kas Fromm, Rita"]
[Black "Mueller, Andrea"]
[Result "1-0"]
[WhiteElo "2225"]
[BlackElo "2155"]

1.d4 Nf6 2.c4 g6 3.Nc3 Bg7 4.e4 d6 5.Be2 O-O 6.Nf3 e5 7.Be3 Ng4 8.Bg5 f6
9.Bc1 Nc6 10.h3 Nh6 11.Be3 Nf7 12.O-O Re8 13.Qc2 f5 14.dxe5 Nfxe5 15.Rad1 Nxf3+
16.Bxf3 Ne5 17.Be2 fxe4 18.Qxe4 Ng4 19.Qf3 Nxe3 20.fxe3 Be6 21.c5 Rf8 22.Qe4 Re8
23.cxd6 cxd6 24.Bb5 Bd7 25.Qd5+ Kh8 26.Qxd6 Bxb5 27.Nxb5 Qxd6 28.Nxd6 Re7
29.Rf7 Rxf7 30.Nxf7+ Kg8 31.Rd7 Bxb2 32.Rxb7 Bc1 33.Nh6+ Kf8 34.Kf2 Ke8 35.Rxh7 a5
36.Rh8+ Kd7 37.Rxa8 Bd2 38.Ra7+ Ke6 39.Ng4 Kf5 40.Rd7 Bb4 41.Rd5+  1-0

[Event "IND-ch"]
[Site "Nagpur"]
[Date "1999.03.27"]
[Round "5"]
[White "Hegde, Ravi Gopal"]
[Black "Saravanan, V."]
[Result "0-1"]
[WhiteElo "2397"]
[BlackElo "2393"]

1.Nf3 g6 2.d4 Nf6 3.c4 Bg7 4.Nc3 O-O 5.e4 d6 6.Be2 e5 7.O-O Nh5 8.Bg5 f6
9.Be3 Nf4 10.c5 Nxe2+ 11.Qxe2 exd4 12.Nxd4 dxc5 13.Nb3 b6 14.Rfd1 Qe8 15.Nd5 Rf7
16.Bf4 Na6 17.Rd2 c6 18.Nc3 Nc7 19.Rad1 Ba6 20.Qg4 Ne6 21.Be3 f5 22.exf5 gxf5
23.Qh3 f4 24.Re1 Nd4 25.Red1 fxe3 26.fxe3 Qf8  0-1

[Event "Rheinhessen-ch MT1"]
[Site "Woerrstadt"]
[Date "1999.03.27"]
[Round "1"]
[White "Lisanti, Andre"]
[Black "Enzmann, Steffen"]
[Result "0-1"]
[WhiteElo "2338"]
[BlackElo "2124"]

1.d4 Nf6 2.c4 g6 3.Nc3 Bg7 4.e4 d6 5.Nf3 O-O 6.Be2 e5 7.d5 a5 8.Bg5 h6 9.Bh4 Na6
10.Nd2 Qe8 11.a3 Bd7 12.b3 Nh7 13.g4 Nc5 14.b4 axb4 15.axb4 Na4 16.Nxa4 Bxa4
17.Qb1 Qd7 18.Ra2 b5 19.c5 f5 20.gxf5 gxf5 21.Rg1 Kh8 22.exf5 dxc5 23.bxc5 Qxd5
24.Bf3 e4 25.Nxe4 Qxf5 26.Rxg7 Kxg7 27.Ra3 Rae8 28.Re3 Ng5 29.Bxg5 hxg5 30.Qb2+ Qe5
31.Nc3 Qf6 32.Be4 Rf7 33.f3 g4 34.Qg2 Qh4+ 35.Kd2 Kf8 36.Qxg4 Qxh2+ 37.Kc1 Qh6
38.Qg1 Rxf3 39.Nd5 Rxe4 40.Kb2 Rexe3 41.Nxe3  0-1

[Event "Bled op"]
[Site "Bled"]
[Date "1999.03.28"]
[Round "9"]
[White "Wiley, Tom E"]
[Black "Mazi, Leon"]
[Result "1-0"]
[WhiteElo "2280"]
[BlackElo "2405"]

1.d4 Nf6 2.c4 d6 3.Nc3 e5 4.Nf3 Nbd7 5.e4 g6 6.Be2 Bg7 7.O-O O-O 8.Be3 h6
9.dxe5 dxe5 10.Nd2 c6 11.c5 Qe7 12.b4 Rd8 13.Qc1 Nf8 14.Nc4 Kh7 15.Rd1 Rxd1+
16.Qxd1 Ne8 17.Qa4 a6 18.Rd1 Be6 19.Rd2 Bf6 20.Qd1 Bg5 21.Bxg5 Qxg5 22.Na4 Nf6
23.Nd6 Rb8 24.Nb6 h5 25.a3 Kg7 26.Rd3 Ng4 27.h3 Nh6 28.Qd2 Qe7 29.Qc3 f6
30.h4 Nf7 31.g3 Qc7 32.Kg2 Rd8 33.Nxf7 Bxf7 34.Rxd8 Qxd8 35.Bc4 Be6 36.Qd3 Qe7
37.Bxe6 Nxe6 38.Nc8 Qd8 39.Qxd8 Nxd8 40.Nd6 Kf8 41.f3 Ke7 42.Nc4 Kd7 43.Kf2 Ne6
44.Ke3 Nd4 45.f4 Ke6 46.fxe5 fxe5 47.Kd3 Kf6 48.Nd6 g5 49.Nxb7 gxh4 50.gxh4 Ke6
51.Nd6 Nb5 52.Nf5 Nxa3 53.Ng7+ Kf7 54.Nxh5 Nb5 55.Ng3 Nd4 56.Nf5 Ne6 57.Kc4 Kf6
58.Kb3 a5 59.bxa5 Nxc5+ 60.Kc4 Na6 61.Ne3  1-0

[Event "Schloss Open A 5th"]
[Site "Werther"]
[Date "1999.03.28"]
[Round "5"]
[White "Maksimenko, Andrei"]
[Black "Kozakov, Mikhail"]
[Result "1-0"]
[WhiteElo "2524"]
[BlackElo "2420"]

1.d4 Nf6 2.c4 g6 3.Nc3 Bg7 4.e4 d6 5.Be2 O-O 6.Nf3 Na6 7.O-O e5 8.Be3 c6
9.d5 Ng4 10.Bg5 f6 11.Bh4 c5 12.Ne1 h5 13.h3 Nh6 14.a3 Bd7 15.Nd3 Rc8 16.Bg3 Nf7
17.f4 exf4 18.Nxf4 Kh7 19.Nxg6 Kxg6 20.Bxh5+ Kh7 21.Bxf7 Rxf7 22.Bxd6 Qe8
23.Qd3 Kg8 24.Qg3 b5 25.e5 fxe5 26.Rxf7 Qxf7 27.Rf1 Bf5 28.cxb5 Nb8 29.Bxe5 Qg6
30.Rxf5 Qxg3 31.Bxg3 Nd7 32.Kf1 Re8 33.Bf4 c4 34.d6 Bd4 35.Bg5 Re6 36.Rd5 Bb6
37.Na4 Ba5 38.Bd2 Bd8 39.Bg5 Nf6 40.Rd4 Ba5 41.d7 Re1+ 42.Kf2 Ne4+ 43.Rxe4  1-0

[Event "IND-ch"]
[Site "Nagpur"]
[Date "1999.03.29"]
[Round "7"]
[White "Shankar, Roy"]
[Black "Saravanan, V."]
[Result "0-1"]
[WhiteElo "2394"]
[BlackElo "2393"]

1.e4 g6 2.d4 Bg7 3.c4 d6 4.Nc3 Nf6 5.Nf3 O-O 6.Be2 e5 7.dxe5 dxe5 8.Qxd8 Rxd8
9.Bg5 Na6 10.Nd5 Nxd5 11.cxd5 f6 12.Bxa6 bxa6 13.Bd2 Bb7 14.Rc1 Rac8 15.Ba5 Rd7
16.Nd2 c6 17.d6 Rxd6 18.Bb4 c5 19.Rxc5 Rxc5 20.Bxc5 Rc6 21.Nb3 a5 22.Be3 Rc2
23.Nc5 Bc6 24.O-O Kf7 25.f3 Re2 26.Bf2 Rxb2 27.a4 Ra2 28.h4 h5 29.Rd1 Bf8
30.Nb7 Bxa4 31.Rd5 Bb3 32.Rd7+ Ke6 33.Rh7 a4 34.Bxa7 Rc2 35.Nd8+ Kd6 36.Bb8+ Kc5
37.Rb7 Kd4 38.Ba7+ Kd3 39.Kf1 Bc4 40.Nc6 a3 41.Rb1 a2 42.Re1 Kc3+ 43.Kg1 Kb2  0-1

[Event "BEL-chT9899"]
[Site "Antwerp"]
[Date "1999.03.??"]
[Round "9"]
[White "Wiley, Tom E"]
[Black "Lacroix, Bruno"]
[Result "1-0"]
[WhiteElo "2240"]
[BlackElo "2211"]

1.d4 Nf6 2.c4 g6 3.Nc3 Bg7 4.e4 d6 5.Nf3 O-O 6.Be2 Nbd7 7.O-O e5 8.Be3 c6
9.Qc2 Qe7 10.d5 c5 11.Ne1 Ne8 12.Nd3 f5 13.f3 f4 14.Bf2 h5 15.b4 g5 16.a4 cxb4
17.Nxb4 Nc5 18.Bxc5 dxc5 19.Nd3 g4 20.Rfd1 Rf6 21.Bf1 Rg6 22.Kh1 Qg5 23.Qf2 Bf8
24.Nxc5 g3 25.Qg1 gxh2 26.Qf2 h4 27.Nd3 Nf6 28.Kxh2 Nh5 29.Ne2 Ng3 30.Ng1 h3
31.gxh3 Qh5 32.Bg2 Be7 33.Qb2 Bf6 34.c5 Qh4 35.Qf2 Qh7 36.Rac1 Rh6 37.c6 Kf7
38.cxb7 Bxh3 39.Bxh3 Rh8 40.Rc7+ Be7 41.Nxe5+  1-0

[Event "Dreifluesse op 7th"]
[Site "Passau"]
[Date "1999.04.02"]
[Round "1"]
[White "Kubinger, Franz"]
[Black "Klaus, Daniel"]
[Result "0-1"]
[WhiteElo "1525"]
[BlackElo "2065"]

1.d4 Nf6 2.c4 g6 3.Nc3 Bg7 4.e4 d6 5.Nf3 O-O 6.Be2 e5 7.dxe5 dxe5 8.Qxd8 Rxd8
9.Nxe5 Nxe4 10.Nxe4 Bxe5 11.O-O Nc6 12.Bg5 Re8 13.Rae1 Kg7 14.Nc3 Bf5 15.Nd5 Nd4
16.f4 Nxe2+ 17.Kf2 Bd4+ 18.Kf3 Be4+ 19.Kxe2 Bxd5+ 20.Kd3 Bxg2 21.Rxe8 Bxf1+
22.Kxd4 Rxe8 23.a4 f6 24.Bh4 Re2 25.Bg3 Rxb2 26.Kc3 Re2 27.Kb4 Re4 28.f5 Rxc4+
29.Kb3 gxf5 30.Bf2 a6 31.Bg3 f4 32.Be1 Re4 33.Bc3 Re3 34.Kb4 Rxc3 35.Kxc3 f3
36.Kd2 b5 37.axb5 axb5 38.Ke1 Be2 39.h4 b4 40.Kd2 b3  0-1

[Event "Dreifluesse op 7th"]
[Site "Passau"]
[Date "1999.04.02"]
[Round "2"]
[White "Herrmann, Arnd Peter"]
[Black "Hoepfl, Thomas"]
[Result "1/2-1/2"]
[WhiteElo "1990"]
[BlackElo "2221"]

1.d4 Nf6 2.Nf3 g6 3.c4 Bg7 4.Nc3 O-O 5.e4 d6 6.Be2 e5 7.d5 a5 8.h3 Na6 9.Be3 Nd7
10.Nd2 f5 11.f3 Bh6 12.Bf2 Qg5 13.Nf1 Ndc5 14.Be3 f4 15.h4 Qe7 16.Bf2 Bd7
17.Nd2 a4 18.Ndb1 b6 19.Na3 Bg7 20.Nab5 Bxb5 21.cxb5 Nb8 22.Qd2 Nbd7 23.O-O-O Nf6
24.Rdg1 Nh5 25.Qe1 Qd8 26.Kc2 Qb8 27.Bc4 Qa7 28.Ne2 Qb8 29.Rf1 Rf7 30.Rh3 Qc8
31.Nc3 Qd7 32.Rhh1  1/2-1/2

[Event "ISR-ch op"]
[Site "Ramat Aviv"]
[Date "1999.04.02"]
[Round "4"]
[White "Mikhalevski, Victor"]
[Black "Kantarji, Yavel"]
[Result "1-0"]
[WhiteElo "2531"]
[BlackElo "2265"]

1.d4 Nf6 2.c4 g6 3.Nc3 Bg7 4.e4 d6 5.Be2 Nbd7 6.Nf3 e5 7.O-O O-O 8.Re1 Re8
9.Bf1 c6 10.d5 Qc7 11.a3 a5 12.Rb1 Nh5 13.Be3 h6 14.Rc1 Nc5 15.b4 axb4 16.axb4 Na6
17.c5 Nxb4 18.dxc6 dxc5 19.Nb5 Qxc6 20.Rxc5 Qf6 21.Nc7 Bg4 22.Qb3 Na6 23.Bxa6 bxa6
24.Nxa8 Rxa8 25.Nxe5 Be6 26.Qb7 Qd8 27.Nc6 Qe8 28.Ne7+ Kh7 29.Nd5 Rb8 30.Qxa6 Bxd5
31.exd5 f5 32.Qe6 Qa4 33.Rc8 Rxc8 34.Qxc8 f4 35.Bc1 Qd4 36.Qe6 Bf8 37.Qe4 Qc3
38.Rd1 Bd6 39.Qd4 Qc2 40.Bb2 Be5 41.Qd2 Qxb2 42.Qxb2 Bxb2 43.d6 Bf6 44.d7 g5
45.d8=Q Bxd8 46.Rxd8 Nf6 47.Kf1 Kg6 48.Ke2 Kf5 49.f3 h5 50.Ra8 Nd7 51.Kd3 Ne5+
52.Kd4 Nc6+ 53.Kc5 Ne5 54.Ra5 Kf6 55.Ra6+ Kf5 56.Kd4 Nd7 57.Ra5+ Kg6 58.Ra7 Nf8
59.Ke5 h4 60.h3  1-0

[Event "Dreifluesse op 7th"]
[Site "Passau"]
[Date "1999.04.03"]
[Round "4"]
[White "Bromberger, Stefan"]
[Black "Kempinski, Robert"]
[Result "0-1"]
[WhiteElo "2288"]
[BlackElo "2533"]

1.Nf3 Nf6 2.c4 g6 3.Nc3 Bg7 4.e4 O-O 5.d4 d6 6.Be2 Na6 7.O-O e5 8.Re1 c6
9.Bf1 Bg4 10.d5 Nb4 11.Be2 a5 12.Be3 Bd7 13.Nd2 Na6 14.a3 Ne8 15.Rb1 c5 16.Kh1 Qh4
17.g3 Qe7 18.Rg1 Nb8 19.b4 axb4 20.axb4 cxb4 21.Rxb4 Bc8 22.Nb3 f5 23.f3 Na6
24.Rb6 Nf6 25.Nb5 Rd8 26.exf5 gxf5 27.Bc1 Nc7 28.c5 Ncxd5 29.cxd6 Qf7 30.Bc4 Ra4
31.Nd2 Rxc4 32.Nxc4 Nxb6 33.Nxb6 Be6 34.Bg5 e4 35.Rf1 h6 36.Bxf6 Qxf6 37.fxe4 Qe5
38.exf5 Bxf5 39.Qb3+ Kh8 40.Qc4 Be6 41.Qb4 Bh3 42.Re1 Qf6 43.Kg1 Rf8  0-1

[Event "IND-ch"]
[Site "Nagpur"]
[Date "1999.04.04"]
[Round "13"]
[White "Sashikiran, Krishnan"]
[Black "Konguveel, Ponnuswamy"]
[Result "0-1"]
[WhiteElo "2525"]
[BlackElo "2436"]

1.d4 g6 2.c4 Nf6 3.Nc3 Bg7 4.e4 d6 5.Nf3 O-O 6.Be2 e5 7.Be3 exd4 8.Nxd4 Re8
9.f3 c6 10.Bf2 d5 11.exd5 cxd5 12.c5 Nc6 13.O-O Nh5 14.Qd2 Be5 15.g3 Ng7
16.Bb5 Bd7 17.Bxc6 bxc6 18.Rfe1 Nf5 19.Nxf5 Bxf5 20.Bd4 Qc7 21.Bxe5 Rxe5
22.Rxe5 Qxe5 23.Re1 Qf6 24.Ne2 Re8 25.Rc1 h5 26.Nd4 h4 27.Rd1 hxg3 28.hxg3 g5
29.g4 Bxg4 30.Kg2 Bd7 31.Rh1 g4 32.Qc3 gxf3+ 33.Kf2 Re4 34.Nxf3 d4 35.Qb3 Qf4
36.Re1 Rxe1 37.Kxe1 Bg4 38.Ng1 Kg7 39.Qc4 Qe3+ 40.Kf1 Bf5 41.Qb4 Bd3+ 42.Kg2 Be4+
43.Kf1 Qf4+ 44.Ke1 Qg3+  0-1

[Event "Dreifluesse op 7th"]
[Site "Passau"]
[Date "1999.04.04"]
[Round "5"]
[White "Testor, Sebastian"]
[Black "Duebon, Pierre"]
[Result "1/2-1/2"]
[WhiteElo "2003"]
[BlackElo "2175"]

1.Nf3 Nf6 2.c4 g6 3.Nc3 Bg7 4.e4 d6 5.d4 O-O 6.Be2 e5 7.dxe5 dxe5 8.Qxd8 Rxd8
9.Bg5 Rf8 10.Nd5 Nxd5 11.cxd5 c6 12.Bc4 b5 13.Bb3 a5 14.a4 b4 15.d6 Re8 16.Be7 h6
17.Nh4 g5 18.Nf5 Bxf5 19.exf5 Nd7 20.O-O-O Bf6 21.Be6 fxe6 22.fxe6 Nc5 23.Bxf6 Rxe6
24.d7 Nxd7 25.Bxg5 Nb6 26.Rd8+ Rxd8 27.Bxd8 Nd5 28.Rd1 Re8 29.Bh4 Kf7 30.Kc2 Ke6
31.Kb3 Kf5 32.f3 Rc8 33.Bf2 Ke6 34.Kc4 Rg8 35.g4 Rf8 36.Re1 Rxf3 37.Bd4 Rf4
38.Rxe5+ Kd6 39.Rh5 Rxg4 40.Rxh6+ Kd7 41.Kc5 Ne7 42.Rd6+ Kc7 43.Bf6 Ng8 44.Bd8+ Kb7
45.Rxc6 Rg2 46.Kb5 Rxh2 47.Rg6 Rh5+ 48.Rg5 Rh8 49.Bxa5 Nf6 50.Bxb4 Ne8 51.a5 Nc7+
52.Ka4 Rh2 53.Bc3 Re2 54.Rg1 Nd5 55.Rd1 Kc6 56.Bd4 Rc2 57.Kb3 Rg2 58.Ra1 Rg4
59.Kc4 Nc7 60.Kd3 Kb5  1/2-1/2

[Event "Dreifluesse op 7th"]
[Site "Passau"]
[Date "1999.04.04"]
[Round "6"]
[White "Loderbauer, Gerhard"]
[Black "Gruettner, Ralf"]
[Result "0-1"]
[WhiteElo "1820"]
[BlackElo "2090"]

1.d4 Nf6 2.c4 g6 3.Nc3 Bg7 4.e4 d6 5.Nf3 O-O 6.Be2 e5 7.Be3 Nc6 8.dxe5 Nxe5
9.Nxe5 dxe5 10.Bc5 Re8 11.Qxd8 Rxd8 12.Be7 Re8 13.Ba3 c6 14.Rd1 Be6 15.O-O Rad8
16.f3 Bf8 17.Bxf8 Kxf8 18.Rxd8 Rxd8 19.Rd1 Rd4 20.b3 Ke7 21.Kf2 Nd7 22.Ke3 Rxd1
23.Bxd1 f6 24.Be2 b6 25.Bd3 Kd6 26.Na4 Nc5 27.Nxc5 Kxc5 28.a3 a5 29.Be2 b5
30.cxb5 cxb5 31.Bd1 Bc8 32.g3 Be6 33.Kd3 f5 34.Ke3 b4 35.axb4+ axb4 36.Kd3 Bd7
37.Ke3 Be6 38.Bc2 h6 39.Bd1 f4+ 40.gxf4 exf4+ 41.Kd3 g5 42.Be2 Bd7 43.Bd1 Bb5+
44.Kd2 Kd4 45.Be2 Bd7 46.Bc4 g4 47.Ke2 g3 48.hxg3 fxg3 49.Bd5 Bb5+ 50.Bc4 Bxc4+
51.bxc4 b3  0-1

[Event "Dreifluesse op 7th"]
[Site "Passau"]
[Date "1999.04.05"]
[Round "7"]
[White "Germann, Heike"]
[Black "Klaus, Daniel"]
[Result "1/2-1/2"]
[WhiteElo "2050"]
[BlackElo "2065"]

1.d4 Nf6 2.c4 g6 3.Nc3 Bg7 4.e4 d6 5.Nf3 O-O 6.Be2 e5 7.d5 Na6 8.O-O Nc5
9.Qc2 a5 10.Ne1 b6 11.Be3 Nfd7 12.f3 f5  1/2-1/2

[Event "St Petersburg-ch"]
[Site "St Petersburg"]
[Date "1999.04.07"]
[Round "2"]
[White "Shchukin, Dmitry"]
[Black "Loginov, Valery A"]
[Result "1-0"]
[WhiteElo "2394"]
[BlackElo "2532"]

1.d4 Nf6 2.c4 g6 3.Nc3 Bg7 4.e4 d6 5.Nf3 O-O 6.Be2 e5 7.d5 a5 8.Nd2 Na6 9.h4 h5
10.Nf3 Nc5 11.Ng5 c6 12.Be3 cxd5 13.cxd5 Bd7 14.f3 a4 15.Qd2 Rc8 16.O-O Nh7
17.Nb5 Nxg5 18.hxg5 Qe7 19.Rac1 b6 20.Rc3 f5 21.gxf6 Bxf6 22.Na7 Rc7 23.Nc6 Bxc6
24.dxc6 Kh8 25.Bxc5  1-0

[Event "Hampstead GM 5th"]
[Site "London"]
[Date "1999.04.08"]
[Round "2"]
[White "Buckley, Graeme"]
[Black "McNab, Colin Anderson"]
[Result "0-1"]
[WhiteElo "2285"]
[BlackElo "2418"]

1.d4 d6 2.Nf3 g6 3.c4 Nd7 4.Nc3 e5 5.e4 Bg7 6.Be2 Ngf6 7.O-O O-O 8.Be3 Re8
9.d5 Ng4 10.Bg5 f6 11.Bh4 Nf8 12.Nd2 h5 13.b4 Qe7 14.c5 Nh6 15.cxd6 cxd6
16.f3 Bd7 17.Rc1 Rec8 18.Nc4 Nf7 19.Qb3 Bh6 20.Rc2 g5 21.Bf2 Ng6 22.g3 f5
23.exf5 Bxf5 24.Ne4 g4 25.Bd3 Rf8 26.fxg4 Bxg4 27.Nexd6 Nxd6 28.Bxg6 Nxc4
29.Rxc4 Qf6 30.Be4 Be2 31.Rc7 Bg7 32.Qc2 Bxf1 33.Kxf1 Qb6 34.Rc5 Qxb4 35.Kg2 Rf6
36.d6 Raf8 37.Bd5+ Kh8 38.Be3 Qe1 39.Qd3 Rf2+ 40.Bxf2 Qxf2+ 41.Kh3 Qxc5 42.Be6 e4  0-1

[Event "Hampstead GM 5th"]
[Site "London"]
[Date "1999.04.10"]
[Round "4"]
[White "Barsov, Alexei"]
[Black "Buckley, Graeme"]
[Result "1-0"]
[WhiteElo "2504"]
[BlackElo "2285"]

1.d4 Nf6 2.Nf3 g6 3.c4 Bg7 4.Nc3 d6 5.e4 O-O 6.Be2 e5 7.O-O Nbd7 8.Be3 Qe7
9.Qc2 c6 10.Rad1 exd4 11.Nxd4 Re8 12.f3 d5 13.cxd5 cxd5 14.Ndb5 dxe4 15.fxe4 Nc5
16.Rxf6 Qxf6 17.Bxc5 Be6 18.Nc7 Rec8 19.Bd6  1-0

[Event "Budapest FS04 IM-B"]
[Site "Budapest"]
[Date "1999.04.11"]
[Round "9"]
[White "Serrer, Christoph"]
[Black "Cooke, Eric"]
[Result "0-1"]
[WhiteElo "2285"]
[BlackElo "2169"]

1.Nf3 Nf6 2.c4 g6 3.Nc3 Bg7 4.e4 d6 5.d4 O-O 6.Be2 Nbd7 7.O-O e5 8.Re1 exd4
9.Nxd4 Nc5 10.f3 a5 11.Ndb5 Bd7 12.Be3 b6 13.Qd2 Re8 14.Rad1 h5 15.b3 Kh7
16.Nd4 Qe7 17.Bd3 Qf8 18.Nd5 Rac8 19.Bc2 Qh8 20.Ne2 h4 21.Bd4 h3 22.g3 Ne6
23.Nxf6+ Bxf6 24.Bxf6 Qxf6 25.Qc3 Qg5 26.Kf2 Bc6 27.Qd2 Qe5 28.Nf4 Nxf4 29.Qxf4 Qc5+
30.Qe3 Qh5 31.Qc3 Re6 32.Re3 Rce8 33.Rde1 Qc5 34.g4 Qg5 35.Kg3 f5 36.R3e2 fxg4
37.f4 Qh5 38.Qd4 Rf8 39.Rf2 Ref6 40.Ref1 Re6 41.Re1 Re7 42.Bd1 g5 43.fxg5 Rxf2
44.Qxf2 Qxg5 45.Qf4 Qg7 46.Qf5+ Kg8 47.Qxg4 Bd7 48.Qxg7+ Rxg7+ 49.Kf4 Rg2
50.e5 dxe5+ 51.Rxe5 Rxh2 52.Rd5 Be6 53.Rg5+ Kf7 54.Bh5+ Ke7 55.Bf3 Rxa2 56.Ke5 Rf2
57.Bc6 Re2+ 58.Kd4 Kf6 59.Rh5 Kg6 60.Rh4 Bf5 61.Rh8 Kg5 62.Rg8+ Kf4 63.Rh8 h2
64.Rh6 Rd2+ 65.Kc3 Rd3+ 66.Kb2 Rh3 67.Rf6 h1=Q 68.Bxh1 Rxh1 69.c5 Ke5 70.Rc6 Kd5
71.Rxc7 bxc5 72.Ra7 Rh2+ 73.Ka1  0-1

[Event "St Petersburg-ch"]
[Site "St Petersburg"]
[Date "1999.04.12"]
[Round "7"]
[White "Loginov, Valery A"]
[Black "Nikolaev, Nikita"]
[Result "1-0"]
[WhiteElo "2532"]
[BlackElo "2329"]

1.Nf3 Nf6 2.c4 g6 3.Nc3 Bg7 4.e4 d6 5.d4 O-O 6.Be2 e5 7.d5 Nbd7 8.Qc2 a5
9.Bg5 h6 10.Be3 c6 11.Nd2 Nc5 12.O-O Bd7 13.a3 cxd5 14.cxd5 Rc8 15.Nc4 Be8
16.b4 axb4 17.axb4 Ncxe4 18.Bb6 Qe7 19.Nxe4 Nxd5 20.Qd2 Rxc4 21.Qxd5 Rxb4
22.Rab1 Rxb1 23.Rxb1 Bc6 24.Qxd6 Qh4 25.Ng3 Ra8 26.h3 Qg5 27.Bc4 Bf8 28.Qd3 Kg7
29.Bd5 Ra3 30.Qd1 Ba4 31.Qe2  1-0

[Event "St Petersburg-ch"]
[Site "St Petersburg"]
[Date "1999.04.12"]
[Round "7"]
[White "Lugovoi, Aleksei"]
[Black "Solovjov, Sergey"]
[Result "1/2-1/2"]
[WhiteElo "2510"]
[BlackElo "2447"]

1.d4 Nf6 2.c4 g6 3.Nc3 Bg7 4.e4 d6 5.Nf3 O-O 6.Be2 e5 7.d5 a5 8.Bg5 h6 9.Bh4 Qe8
10.Nd2 Na6 11.O-O Nh7 12.a3 Bd7 13.b3 f5 14.exf5 gxf5 15.Bh5 Qc8 16.Be7 Re8
17.Bxe8 Qxe8 18.Bh4 e4 19.Rc1 Nc5 20.Rc2 Nd3 21.f4 Nf6 22.Bxf6 Bxf6 23.Qe2 Nc5
24.Nd1 a4 25.b4 Nb3 26.Rc3 Bxc3 27.Nxc3 Qf7 28.Qe3 Qf6 29.Rd1 Kf7 30.Nf1 h5
31.Ng3 h4 32.Nge2 Rg8 33.Kh1 Qg7 34.Rg1 Ke7 35.h3 Qf6 36.Rd1 Qg7 37.Rg1 Kd8
38.c5 Qe7 39.cxd6 Qxd6 40.Rd1 b6 41.Qf2 Rh8 42.Qe3  1/2-1/2

[Event "Golden Cleopatra op 3rd"]
[Site "Cairo"]
[Date "1999.04.13"]
[Round "3"]
[White "Volzhin, Alexander"]
[Black "Abdel Aziem, Ramadan"]
[Result "1-0"]
[WhiteElo "2548"]
[BlackElo "2189"]

1.d4 Nf6 2.c4 g6 3.Nc3 Bg7 4.e4 d6 5.Nf3 O-O 6.Be2 e5 7.d5 c6 8.O-O a5 9.Bg5 h6
10.Be3 Na6 11.Nd2 Nc5 12.a3 Ncd7 13.b4 c5 14.bxc5 Nxc5 15.Rb1 b6 16.Kh1 Bd7
17.Rb2 Qc7 18.Qc2 Rab8 19.Rfb1 Rfc8 20.Qd1 Ne8 21.Nb5 Bxb5 22.Rxb5 Rb7 23.Qc2 Rcb8
24.Bd1 h5 25.R1b2 Kh7 26.f3 Bh6 27.Bg1 Qe7 28.Rb1 Nc7 29.R5b2 N7a6 30.Nf1 Qd7
31.Qe2 Bg5 32.Bc2 Nc7 33.Qd1 N7a6 34.Ng3 Kg7 35.Ne2 b5 36.cxb5 Rxb5 37.Rxb5 Rxb5
38.Nc3 Rb7 39.Bd3 Nxd3 40.Qxd3 Rxb1 41.Qxb1 Qc7 42.Nb5 Qb8 43.Qd3 h4 44.Qc4 h3
45.gxh3 Bf4 46.Qc6 Qh8 47.Kg2 Qh4 48.Qc3 Qg5+ 49.Kh1 Qh6 50.Nxd6 Qxh3 51.Qd3 Nc5
52.Qe2 Nb3 53.Qg2 Qd7 54.Nf5+ Kf6 55.Bf2 Bg5 56.Ne3 Bf4 57.Bh4+ Kg7 58.Ng4 g5
59.Bg3 Qc8 60.Bxf4 f6 61.Be3  1-0

[Event "St Petersburg-ch"]
[Site "St Petersburg"]
[Date "1999.04.14"]
[Round "9"]
[White "Popov, Valerij"]
[Black "Kochyev, Alexander"]
[Result "0-1"]
[WhiteElo "2582"]
[BlackElo "2428"]

1.Nf3 Nf6 2.c4 g6 3.Nc3 Bg7 4.d4 d6 5.e4 O-O 6.Be2 e5 7.O-O Nbd7 8.Bg5 h6
9.Bh4 a5 10.dxe5 dxe5 11.Qc2 g5 12.Bg3 Nh5 13.Rfd1 Nf4 14.Nb5 Ra6 15.Bf1 h5
16.Rd2 c5 17.Rad1 Qe7 18.Nd6 Nb8 19.Qb3 a4 20.Qb5 Bg4 21.Bxf4 exf4 22.Qxc5 Nc6
23.Qd5 Bxf3 24.Nf5 Qf6 25.gxf3 Ne5 26.Bg2 Rc6 27.b3 axb3 28.axb3 g4 29.Kh1 Kh8
30.Qb5 Rb6 31.Qc5 Rc6 32.Qb4 gxf3 33.Bh3 Rb6 34.Qc3 Rg8 35.Rd5 Re6 36.Nd6 Rxd6
37.Rxd6 Qh4 38.Rg1 Ng4  0-1

[Event "Golden Cleopatra op 3rd"]
[Site "Cairo"]
[Date "1999.04.15"]
[Round "5"]
[White "Hakki, Imad"]
[Black "Hassan, Sayed Barakat"]
[Result "1/2-1/2"]
[WhiteElo "2423"]
[BlackElo "2345"]

1.d4 Nf6 2.c4 d6 3.Nc3 Nbd7 4.Nf3 e5 5.e4 g6 6.Be2 Bg7 7.O-O O-O 8.Be3 Ng4
9.Bg5 f6 10.Bd2 Nh6 11.Qc2 c6 12.Rad1 Qe7 13.b4 Nf7 14.Bc1 Re8 15.Rfe1 Nf8
16.b5 Bg4 17.dxe5 dxe5 18.bxc6 bxc6 19.Qa4 Qc7 20.Be3  1/2-1/2

[Event "Golden Cleopatra op 3rd"]
[Site "Cairo"]
[Date "1999.04.17"]
[Round "7"]
[White "Djurhuus, Rune"]
[Black "Tissir, Mohamed"]
[Result "1-0"]
[WhiteElo "2478"]
[BlackElo "2303"]

1.d4 Nf6 2.c4 g6 3.Nc3 Bg7 4.e4 d6 5.Be2 O-O 6.Nf3 e5 7.O-O Nbd7 8.Be3 c6
9.Qc2 Ng4 10.Bg5 f6 11.Bh4 Qe7 12.Rad1 Nh6 13.b4 g5 14.Bg3 g4 15.Ne1 f5 16.exf5 Nxf5
17.Bd3 Nxd4 18.Bxh7+ Kh8 19.Qb1 Nb6 20.Bd3 Be6 21.Nc2 Nxc2 22.Qxc2 Nxc4 23.Qe2 Nb6
24.h3 Nd7 25.hxg4 d5 26.Bb1 e4 27.Nxe4 dxe4 28.Qxe4 Nf6 29.Qe2 Nd5 30.Rde1 Rfe8
31.Qd3 Kg8 32.Re3 Qxb4 33.Qh7+ Kf8 34.Rf3+ Bf7 35.Bg6 Re7 36.Be5 Nf6 37.Bxf6 Bxf6
38.Rxf6  1-0

[Event "BL2-S9899"]
[Site "Germany"]
[Date "1999.04.18"]
[Round "9.1"]
[White "Doettling, Fabian"]
[Black "Roemer, Ulrich"]
[Result "1-0"]
[WhiteElo "2443"]
[BlackElo "2307"]

1.d4 d6 2.Nf3 g6 3.c4 Nf6 4.Nc3 Bg7 5.e4 O-O 6.Be2 e5 7.O-O exd4 8.Nxd4 Re8
9.f3 Nc6 10.Be3 Nh5 11.Qd2 f5 12.Nxc6 bxc6 13.exf5 Bxf5 14.Rfe1 Rb8 15.Bf1 Qh4
16.g4 Bxg4 17.Bf2 Rxe1 18.Rxe1 Qf6 19.fxg4 Qf4 20.Qxf4 Nxf4 21.Na4  1-0

[Event "Golden Cleopatra op 3rd"]
[Site "Cairo"]
[Date "1999.04.19"]
[Round "9"]
[White "Labib, Ibrahim Hasan"]
[Black "Tissir, Mohamed"]
[Result "1-0"]
[WhiteElo "2405"]
[BlackElo "2303"]

1.d4 Nf6 2.c4 g6 3.Nc3 Bg7 4.e4 d6 5.Nf3 O-O 6.Be2 e5 7.O-O Nbd7 8.Rb1 exd4
9.Nxd4 Re8 10.f3 Nh5 11.Be3 f5 12.Qd2 f4 13.Bf2 Be5 14.Rfd1 Ng7 15.b4 g5
16.c5 dxc5 17.Nf5 Nxf5 18.exf5 Qf6 19.Ne4 Qg7 20.Bb5 c6 21.Bc4+ Kh8 22.bxc5 Nf6
23.Nd6 Rf8 24.Re1 Bxd6 25.cxd6 Bxf5 26.Re7 Bxb1 27.Rxg7 Kxg7 28.Qb4 Bf5 29.Qxb7+ Kg6
30.Bxa7 Nd7 31.a4 h5 32.h3 g4 33.hxg4 hxg4 34.fxg4 Bxg4 35.Bd3+ Kh6 36.a5 Be6
37.Be4 Rfc8 38.Bxc6  1-0